| 000 | 00000nam##2200000za#4500 |
| 001 | 9.590958 |
| 003 | CaOODSP |
| 005 | 20210624200355 |
| 007 | cr ||||||||||| |
| 008 | 150406|2001||||xxc|||||o f|0| 0 fre|d |
| 020 | |a0-662-86280-5 |
| 040 | |aCaOODSP|bfre |
| 043 | |an-cn--- |
| 086 | 1 |aH113-7/2001-12F-IN |
| 110 | 1 |aCanada.|bSanté Canada. |bAgence de réglementation de la lutte antiparasitaire. |
| 245 | 13|aLe florasulam - herbicide concentré en suspension EF-1343 |h[ressource électronique] |
| 260 | |aOttawa - Ontario : |bSanté Canada. |cLe 21 septembre 2001. |
| 300 | |a101p.|bfigures, glossaire, références, tableaux |
| 490 | 1 |aNote réglementaire |vREG 2001-12 |
| 590 | |a12-01-Supp|b2012-01-13 |
| 775 | 08|tFlorasulam - EF-1243 Suspension Concentrate Herbicide |w(CaOODSP)9.557958 |
| 776 | 0#|tLe florasulam: herbicide concentré en suspension EF-1343 |w(CaOODSP)9.625792 |
| 830 | #0|aNote réglementaire ;|vREG 2001-12|w(CaOODSP)9.500880 |
| 856 | 40|ahttp://publications.gc.ca|qPDF|s294 Ko|uhttps://publications.gc.ca/collections/Collection/H113-7-2001-12F.pdf|yREG 2001-12 |